[Event "SF Gerresheim 1 - SK KS Iserlohn 1"]
[Site "NRW-Klasse, Gruppe 2 2012/201"]
[Date "2013.04.28"]
[Round "9.8"]
[White "Finke, Tobias"]
[Black "Eckardt, Joshua"]
[Result "0-1"]
[WhiteElo "1920"]
[BlackElo "1902"]
[PlyCount "72"]
[EventDate "2013.??.??"]
[WhiteTeam "SF Gerresheim 1"]
[BlackTeam "SK KS Iserlohn 1"]

1. e4 c5 2. Nf3 Nc6 3. d4 cxd4 4. Nxd4 e5 5. Nb5 d6 6. Be3 Be6 7. c4 Be7 8. Be2
Nf6 9. Nd2 Qd7 10. f3 Nh5 11. O-O Nf4 12. Bxf4 exf4 13. Nb3 Ne5 14. Rc1 Bxc4
15. Nxd6+ Bxd6 16. Bxc4 O-O 17. Qd5 Qe7 18. Qb5 a6 19. Qb6 Bb8 20. Kh1 Ba7 21.
Qa5 Be3 22. Rc3 b6 23. Qa3 Qxa3 24. bxa3 Rac8 25. Rxe3 fxe3 26. Bxa6 Rc2 27.
Nc1 Ra8 28. Bb7 Rxa3 29. Rd1 Rd2 30. Re1 Nd3 31. Nxd3 Raxd3 32. Kg1 Rd1 33. Kf1
Rxe1+ 34. Kxe1 Rd2 35. Kf1 Rxa2 36. Bd5 Rb2 0-1

[Event "SK Herne-Sodingen 1 - SG Niederkassel. "]
[Site "NRW-Klasse, Gruppe 2 2012/201"]
[Date "2013.04.28"]
[Round "9.1"]
[White "Stanetzek, Carsten"]
[Black "Graw, Christopher"]
[Result "1-0"]
[WhiteElo "2185"]
[BlackElo "2177"]
[PlyCount "85"]
[EventDate "2013.??.??"]
[WhiteTeam "SG Niederkassel. 1"]
[BlackTeam "SK Herne-Sodingen 1"]

1. e4 c5 2. Nf3 d6 3. Bb5+ Nd7 4. d4 a6 5. Bxd7+ Bxd7 6. dxc5 dxc5 7. Nc3 Bc6
8. Ne5 Qxd1+ 9. Kxd1 O-O-O+ 10. Ke2 Be8 11. a4 e6 12. Nc4 f6 13. Bf4 e5 14. Be3
Bf7 15. Nb6+ Kc7 16. a5 Bd6 17. Nca4 Kc6 18. c4 Ne7 19. Nd5 Rhe8 20. Ra3 Nc8
21. f3 Bf8 22. Rc1 f5 23. exf5 e4 24. g4 Nd6 25. Nxc5 Nxc4 26. Rxc4 exf3+ 27.
Kf1 Bxd5 28. Rc1 Kb5 29. b4 Kxb4 30. Ra4+ Kb5 31. Rb1+ Kc6 32. Rb6+ Kc7 33.
Bf4+ Bd6 34. Nxb7 Bxb7 35. Rc4+ Kb8 36. Bxd6+ Ka8 37. Rc7 h5 38. Rcxb7 Rxd6 39.
Rxg7 Rxb6 40. axb6 hxg4 41. f6 Rf8 42. Ra7+ Kb8 43. f7 1-0

[Event "SK Herne-Sodingen 1 - SG Niederkassel. "]
[Site "NRW-Klasse, Gruppe 2 2012/201"]
[Date "2013.04.28"]
[Round "9.2"]
[White "Sandkamp, Ralph"]
[Black "Riedel, Holger"]
[Result "1-0"]
[WhiteElo "2202"]
[BlackElo "2171"]
[PlyCount "149"]
[EventDate "2013.??.??"]
[WhiteTeam "SK Herne-Sodingen 1"]
[BlackTeam "SG Niederkassel. 1"]

1. d4 Nf6 2. c4 e6 3. Nf3 b6 4. g3 Bb7 5. Bg2 Be7 6. O-O O-O 7. Nc3 Na6 8. a3
c5 9. d5 exd5 10. Nh4 Re8 11. Nf5 Bf8 12. Bg5 Nc7 13. Ne3 Rb8 14. Nexd5 Ncxd5
15. Bxd5 h6 16. Bxf6 Qxf6 17. Bxb7 Rxb7 18. Qd5 Qc6 19. Rfd1 g6 20. e3 Bg7 21.
Rac1 a6 22. Rc2 b5 23. cxb5 axb5 24. b3 Ra7 25. a4 c4 26. Qxb5 Qxb5 27. Nxb5
cxb3 28. Nxa7 bxc2 29. Rc1 Ra8 30. Nb5 Rxa4 31. Rxc2 Bf8 32. Rc8 Kg7 33. Rd8
Ra5 34. Nc7 d6 35. Ne8+ Kh7 36. Nxd6 Be7 37. Rd7 Bxd6 38. Rxf7+ Kg8 39. Rf6 Bf8
40. Rxg6+ Kf7 41. Rc6 Ra2 42. Kg2 Kg7 43. g4 Bb4 44. Rc4 Bd2 45. Re4 Be1 46.
Rf4 Bd2 47. Rf3 Ra4 48. h3 Ba5 49. Rf5 Ra2 50. h4 Bd8 51. Kg3 Ra1 52. Rd5 Be7
53. h5 Rg1+ 54. Kf4 Rf1 55. f3 Kf6 56. Ke4 Rg1 57. Rb5 Ke6 58. Rb8 Kf7 59. Kf5
Re1 60. Rb3 Ra1 61. e4 Ra3 62. Rxa3 Bxa3 63. f4 Be7 64. e5 Bd8 65. g5 hxg5 66.
fxg5 Kg7 67. g6 Bh4 68. Ke6 Bg3 69. Kd5 Bf4 70. Ke4 Bd2 71. Kf5 Bc3 72. e6 Bb4
73. h6+ Kxh6 74. Kf6 Ba3 75. Kf7 1-0

[Event "SK Herne-Sodingen 1 - SG Niederkassel. "]
[Site "NRW-Klasse, Gruppe 2 2012/201"]
[Date "2013.04.28"]
[Round "9.3"]
[White "Mende, Andreas"]
[Black "Langers, Alexander"]
[Result "1-0"]
[WhiteElo "2165"]
[BlackElo "2156"]
[PlyCount "43"]
[EventDate "2013.??.??"]
[WhiteTeam "SG Niederkassel. 1"]
[BlackTeam "SK Herne-Sodingen 1"]

1. d4 d5 2. c4 e6 3. Nf3 Nf6 4. g3 Be7 5. Bg2 O-O 6. O-O dxc4 7. Qc2 a6 8. Qxc4
b5 9. Qc2 Bb7 10. Bd2 Nc6 11. e3 Nb4 12. Bxb4 Bxb4 13. a3 Be7 14. Nbd2 Rc8 15.
b4 a5 16. Ne5 Nd5 17. e4 Nf6 18. Nb3 a4 19. Na5 Ba8 20. Nec6 Qd7 21. Rfd1 Ne8
22. e5 1-0

[Event "SK Herne-Sodingen 1 - SG Niederkassel. "]
[Site "NRW-Klasse, Gruppe 2 2012/201"]
[Date "2013.04.28"]
[Round "9.4"]
[White "Schippan, Bernhard"]
[Black "Schracke, Guido"]
[Result "1/2-1/2"]
[WhiteElo "2148"]
[BlackElo "2079"]
[PlyCount "50"]
[EventDate "2013.??.??"]
[WhiteTeam "SK Herne-Sodingen 1"]
[BlackTeam "SG Niederkassel. 1"]

1. d4 Nf6 2. c4 d6 3. Nc3 e5 4. dxe5 dxe5 5. Qxd8+ Kxd8 6. Bg5 c6 7. Nf3 Nbd7
8. O-O-O Kc7 9. Bxf6 gxf6 10. e3 Nb6 11. Ne4 Be7 12. Be2 Be6 13. Nfd2 Rhg8 14.
Rhg1 f5 15. Ng3 a5 16. a3 Rad8 17. Kc2 e4 18. Nh5 Nd7 19. Nf4 Bd6 20. g3 a4 21.
Nxe6+ fxe6 22. Nb1 Be5 23. Nc3 Nc5 24. Rxd8 Rxd8 25. Rd1 Rf8 1/2-1/2

[Event "SK Herne-Sodingen 1 - SG Niederkassel. "]
[Site "NRW-Klasse, Gruppe 2 2012/201"]
[Date "2013.04.28"]
[Round "9.5"]
[White "Bussard, Christian"]
[Black "Wickenfeld, Stefan"]
[Result "0-1"]
[WhiteElo "2112"]
[BlackElo "2047"]
[Annotator "Doe,John"]
[PlyCount "94"]
[EventDate "2013.??.??"]
[WhiteTeam "SG Niederkassel. 1"]
[BlackTeam "SK Herne-Sodingen 1"]

1. d4 d5 2. Nf3 c6 3. c3 Bf5 4. Bf4 Qb6 5. Qb3 Nd7 6. Nbd2 e6 7. Ne5 Ngf6 8. f3
Nxe5 9. Bxe5 Nd7 10. Bg3 Be7 11. e4 Bg6 12. exd5 exd5 13. Be2 O-O 14. Qxb6 Nxb6
15. O-O Rfe8 16. Rae1 h5 17. f4 h4 18. f5 Bxf5 19. Rxf5 hxg3 20. hxg3 Bd6 21.
Kf2 Re7 22. Rh1 g6 23. Rf3 Na4 24. Rb1 Rae8 25. Bd3 Kg7 26. Nf1 $11 Nb6 27. Ne3
Nd7 28. g4 Nf6 29. g5 Nh7 30. Ng4 Nxg5 31. Re3 Rxe3 32. Nxe3 Bg3+ 33. Kxg3
Rxe3+ 34. Kf4 Rxd3 35. Kxg5 Rg3+ 36. Kf4 Rxg2 37. a4 Kf6 38. b4 Ra2 39. b5 Rxa4
40. b6 a6 41. Ke3 Ra5 42. Rf1+ Kg7 43. Kf4 Rb5 44. Ke5 Rxb6 45. Kd6 Rb3 46. Ke7
f5 47. Kd6 Kf6 0-1

[Event "SK Herne-Sodingen 1 - SG Niederkassel. "]
[Site "NRW-Klasse, Gruppe 2 2012/201"]
[Date "2013.04.28"]
[Round "9.6"]
[White "Waldschmidt, Georg"]
[Black "Rybarczyk, Klaus"]
[Result "1/2-1/2"]
[WhiteElo "2208"]
[BlackElo "2088"]
[PlyCount "89"]
[EventDate "2013.??.??"]
[WhiteTeam "SK Herne-Sodingen 1"]
[BlackTeam "SG Niederkassel. 1"]

1. e4 g6 2. d4 Bg7 3. Nc3 c6 4. Bc4 d6 5. Qf3 d5 6. exd5 Nf6 7. h3 O-O 8. Nge2
b5 9. Bb3 Bb7 10. O-O a6 11. Bg5 b4 12. Na4 cxd5 13. Nc5 Bc6 14. Nf4 Ne4 15.
Nxe4 dxe4 16. Qg3 Qxd4 17. Bxe7 Re8 18. Rad1 Qb6 19. Bg5 Be5 20. Qh4 Qc7 21.
Nd5 Bxd5 22. Rxd5 Nd7 23. Rfd1 Nb6 24. Bd8 Qc6 25. Rd6 Bxd6 26. Bxf7+ Kxf7 27.
Qf6+ Kg8 28. Rxd6 Nd7 29. Rxc6 Nxf6 30. Bxf6 Rec8 31. Rb6 Ra7 32. Rxb4 Rxc2 33.
Rxe4 Rd7 34. Bc3 Rd1+ 35. Kh2 Rxf2 36. Re8+ Kf7 37. Ra8 Rc1 38. Ra7+ Ke8 39.
Ra8+ Kd7 40. Ra7+ Kc8 41. Rxh7 Rcc2 42. Rh8+ Kb7 43. Rh7+ Kc6 44. h4 Rxg2+ 45.
Kh3 1/2-1/2

[Event "SK Herne-Sodingen 1 - SG Niederkassel. "]
[Site "NRW-Klasse, Gruppe 2 2012/201"]
[Date "2013.04.28"]
[Round "9.7"]
[White "Wilke, Christopher"]
[Black "Becker, Joerg"]
[Result "1/2-1/2"]
[WhiteElo "1988"]
[BlackElo "2170"]
[PlyCount "41"]
[EventDate "2013.??.??"]
[WhiteTeam "SG Niederkassel. 1"]
[BlackTeam "SK Herne-Sodingen 1"]

1. d4 d5 2. c4 e6 3. Nf3 Nf6 4. Nc3 c5 5. e3 Nc6 6. cxd5 exd5 7. Be2 Be7 8. O-O
O-O 9. b3 cxd4 10. Nxd4 Nxd4 11. Qxd4 Be6 12. Bb2 Qa5 13. Rfd1 Rfd8 14. Nb5
Rdc8 15. a3 a6 16. b4 Qa4 17. Nc3 Qb3 18. Rab1 Bf5 19. Bd3 Bxd3 20. Rxd3 Rd8
21. Ne2 1/2-1/2

[Event "SK Herne-Sodingen 1 - SG Niederkassel. "]
[Site "NRW-Klasse, Gruppe 2 2012/201"]
[Date "2013.04.28"]
[Round "9.8"]
[White "Kaehmann, Joerg"]
[Black "Guelsen, Taylan"]
[Result "1-0"]
[WhiteElo "2191"]
[BlackElo "2047"]
[PlyCount "89"]
[EventDate "2013.??.??"]
[WhiteTeam "SK Herne-Sodingen 1"]
[BlackTeam "SG Niederkassel. 1"]

1. d4 d5 2. g3 e6 3. Bg2 c6 4. Nf3 Be7 5. c4 Nf6 6. O-O O-O 7. Nc3 Nbd7 8. b3
Ne4 9. Bb2 f5 10. Nd2 Ndf6 11. f3 Nxc3 12. Bxc3 Qb6 13. Kh1 Bd7 14. e4 Be8 15.
Qe2 fxe4 16. fxe4 Bh5 17. Bf3 Bxf3+ 18. Rxf3 Rae8 19. Raf1 Qa6 20. a4 Qb6 21.
Re3 dxe4 22. a5 Qc7 23. Nxe4 Nxe4 24. Rxf8+ Bxf8 25. Rxe4 Qf7 26. Kg2 b6 27. a6
Qd7 28. Qf3 Qc8 29. Re2 b5 30. Rf2 Qd7 31. Qe4 Bd6 32. Qg4 bxc4 33. bxc4 c5 34.
d5 Bf8 35. Re2 Qa4 36. Rxe6 Qc2+ 37. Kh3 Rb8 38. Re3 Qc1 39. Qf4 Rb6 40. Qf2 h5
41. Re8 Qxc3 42. Qxf8+ Kh7 43. Qf5+ g6 44. Re7+ Kh6 45. Qf8+ 1-0

[Event "Gütersloher SV 1 - Oberhausener SV 1"]
[Site "NRW-Klasse, Gruppe 2 2012/201"]
[Date "2013.04.28"]
[Round "9.1"]
[White "Hort, Vlastimil"]
[Black "Ebert, Manuel"]
[Result "1/2-1/2"]
[WhiteElo "2387"]
[BlackElo "2105"]
[PlyCount "152"]
[EventDate "2013.??.??"]
[WhiteTeam "Oberhausener SV 1"]
[BlackTeam "Gütersloher SV 1"]

1. e4 c5 2. Nf3 e6 3. Nc3 a6 4. g3 Nc6 5. Bg2 d6 6. O-O Nf6 7. d3 Be7 8. Nd2
O-O 9. f4 Qc7 10. h3 Bd7 11. g4 Nd4 12. g5 Ne8 13. Nc4 f5 14. a4 Bc6 15. a5 g6
16. Be3 Ng7 17. Qd2 Rad8 18. Nb6 Nb5 19. Rae1 Rfe8 20. Bf2 Bf8 21. Nd1 Qf7 22.
c4 Nd4 23. Bxd4 cxd4 24. Nf2 Nh5 25. Kh2 fxe4 26. Nxe4 d5 27. Ng3 Nxg3 28. Kxg3
Bd6 29. cxd5 exd5 30. Qf2 Rxe1 31. Rxe1 Rf8 32. Rf1 Qf5 33. Qf3 Qxg5+ 34. Qg4
Qf5 35. Qxf5 Rxf5 36. h4 Kg7 37. Bh3 Rf6 38. Nd7 Rf7 39. Ne5 Re7 40. Nxc6 bxc6
41. Bc8 Bb4 42. Bxa6 Bxa5 43. f5 Be1+ 44. Kg4 h5+ 45. Kh3 Re3+ 46. Kg2 Bxh4 47.
fxg6 Kxg6 48. Rc1 Re2+ 49. Kh1 Rxb2 50. Rxc6+ Bf6 51. Rd6 Kg5 52. Rxd5+ Kg4 53.
Rb5 Rd2 54. Rb1 Be5 55. Rg1+ Kh3 56. Bc8+ Kh4 57. Re1 Bf4 58. Rf1 Be3 59. Bb7
Rxd3 60. Kg2 Rb3 61. Bd5 Rb5 62. Bc4 Rg5+ 63. Kf3 Rg3+ 64. Ke4 Rg4+ 65. Kf3 Kg5
66. Be6 Rf4+ 67. Kg2 Re4 68. Bc4 Bf4 69. Rg1 Re3 70. Kf2+ Kf5 71. Rg8 Bg5 72.
Rb8 h4 73. Rb3 Re7 74. Kf3 Bf4 75. Bd3+ Kg5 76. Rb5+ Re5 1/2-1/2

[Event "Gütersloher SV 1 - Oberhausener SV 1"]
[Site "NRW-Klasse, Gruppe 2 2012/201"]
[Date "2013.04.28"]
[Round "9.2"]
[White "Peter, Sebastian"]
[Black "Becker, Marcel"]
[Result "1/2-1/2"]
[WhiteElo "2028"]
[BlackElo "2320"]
[Annotator "Doe,John"]
[PlyCount "102"]
[EventDate "2013.??.??"]
[WhiteTeam "Gütersloher SV 1"]
[BlackTeam "Oberhausener SV 1"]

1. e4 c6 2. d4 d5 3. Nc3 dxe4 4. Nxe4 Bf5 5. Ng3 Bg6 6. Nf3 Nd7 7. h4 h6 8. h5
Bh7 9. Bd3 Bxd3 10. Qxd3 e6 11. Bf4 Qa5+ 12. Bd2 Qc7 13. O-O-O O-O-O 14. Ne4
Ngf6 15. g3 Nxe4 16. Qxe4 Nf6 17. Qe2 Bd6 18. Ne5 c5 19. Bc3 Nd5 20. Rd3 Bxe5
21. Qxe5 Qxe5 22. dxe5 Rd7 23. Rhd1 Rhd8 24. Ba5 b6 25. Be1 Ne7 26. Rxd7 Rxd7
27. Bd2 Nc6 28. Bc3 Rxd1+ 29. Kxd1 b5 30. f4 g6 31. hxg6 fxg6 32. g4 h5 33.
gxh5 gxh5 34. Be1 Kd7 35. Bf2 c4 36. Ke2 a6 37. c3 Ne7 38. Kf3 Nf5 39. Be1 $11
Kc6 40. Bf2 Kd5 41. Be1 a5 42. a3 Ne7 43. Bf2 a4 44. Be1 Nc6 45. Bf2 Na5 46.
Bb6 Nb3 47. Be3 Na5 48. Bb6 Nc6 49. Bf2 Ne7 50. Be1 Nf5 51. Bf2 Ne7 1/2-1/2

[Event "Gütersloher SV 1 - Oberhausener SV 1"]
[Site "NRW-Klasse, Gruppe 2 2012/201"]
[Date "2013.04.28"]
[Round "9.3"]
[White "Kaufeld, Juergen"]
[Black "Scharnowski, Tobias"]
[Result "1/2-1/2"]
[WhiteElo "2342"]
[BlackElo "2011"]
[PlyCount "27"]
[EventDate "2013.??.??"]
[WhiteTeam "Oberhausener SV 1"]
[BlackTeam "Gütersloher SV 1"]

1. d4 d5 2. c4 dxc4 3. e4 Nc6 4. Nf3 Bg4 5. d5 Ne5 6. Nc3 Nf6 7. Bf4 Nfd7 8.
Be2 Bxf3 9. gxf3 e6 10. Qa4 Ng6 11. dxe6 Nxf4 12. exd7+ Qxd7 13. Qxd7+ Kxd7 14.
Bxc4 1/2-1/2

[Event "Gütersloher SV 1 - Oberhausener SV 1"]
[Site "NRW-Klasse, Gruppe 2 2012/201"]
[Date "2013.04.28"]
[Round "9.4"]
[White "Plaßmann, Dominik"]
[Black "Litwak, Aleksej"]
[Result "1/2-1/2"]
[WhiteElo "2040"]
[BlackElo "2189"]
[PlyCount "63"]
[EventDate "2013.??.??"]
[WhiteTeam "Gütersloher SV 1"]
[BlackTeam "Oberhausener SV 1"]

1. e4 c5 2. d4 cxd4 3. c3 d3 4. Bxd3 d6 5. Nf3 Nf6 6. c4 e6 7. Nc3 Be7 8. O-O
O-O 9. h3 Nbd7 10. Be3 b6 11. Nd4 Bb7 12. f4 Nc5 13. Qc2 g6 14. f5 gxf5 15.
exf5 e5 16. Nb3 Nxd3 17. Qxd3 Kh8 18. Nd2 Rg8 19. Nd5 b5 20. b3 bxc4 21. bxc4
Nxd5 22. cxd5 Qa5 23. f6 Qxd5 24. Qxd5 Bxd5 25. g4 Bd8 26. Bh6 Bb6+ 27. Kh2
Rgc8 28. Nf3 Rc2+ 29. Kg3 Rac8 30. Rad1 Bxf3 31. Rxf3 Bd4 32. Rb1 1/2-1/2

[Event "Gütersloher SV 1 - Oberhausener SV 1"]
[Site "NRW-Klasse, Gruppe 2 2012/201"]
[Date "2013.04.28"]
[Round "9.5"]
[White "Nissen, Claus"]
[Black "Hanhoerster, Stephan"]
[Result "0-1"]
[WhiteElo "2114"]
[BlackElo "2115"]
[PlyCount "24"]
[EventDate "2013.??.??"]
[WhiteTeam "Oberhausener SV 1"]
[BlackTeam "Gütersloher SV 1"]

1. e4 c5 2. Nf3 e6 3. Nc3 a6 4. d4 cxd4 5. Qxd4 Nc6 6. Qe3 Qa5 7. Bd3 Nf6 8.
O-O Bd6 9. Bd2 Ng4 10. Nb5 Qxb5 11. Qe2 Qh5 12. h3 Nge5 0-1

[Event "Gütersloher SV 1 - Oberhausener SV 1"]
[Site "NRW-Klasse, Gruppe 2 2012/201"]
[Date "2013.04.28"]
[Round "9.6"]
[White "Grochtmann, Stephan"]
[Black "Ciornei, Dragos"]
[Result "0-1"]
[WhiteElo "2037"]
[BlackElo "2146"]
[PlyCount "28"]
[EventDate "2013.??.??"]
[WhiteTeam "Gütersloher SV 1"]
[BlackTeam "Oberhausener SV 1"]

1. e4 e5 2. Qh5 Nf6 3. Qxe5+ Be7 4. Bd3 d5 5. exd5 O-O 6. Nc3 Bc5 7. Nge2 Bxf2+
8. Kd1 Ng4 9. Qe4 f5 10. Qc4 Bb6 11. d6+ Kh8 12. dxc7 Bxc7 13. Nd5 Be5 14. Re1
Nf2# 0-1

[Event "Gütersloher SV 1 - Oberhausener SV 1"]
[Site "NRW-Klasse, Gruppe 2 2012/201"]
[Date "2013.04.28"]
[Round "9.7"]
[White "Voge, Andreas"]
[Black "Krueger, Tim"]
[Result "1-0"]
[WhiteElo "2056"]
[BlackElo "2030"]
[PlyCount "51"]
[EventDate "2013.??.??"]
[WhiteTeam "Oberhausener SV 1"]
[BlackTeam "Gütersloher SV 1"]

1. e4 c5 2. Nf3 Nc6 3. Nc3 Nf6 4. Bb5 Nd4 5. Bc4 d6 6. d3 a6 7. Nxd4 cxd4 8.
Ne2 b5 9. Bb3 Qb6 10. O-O Bb7 11. Bg5 e6 12. Bxf6 gxf6 13. Nf4 Qc5 14. c3 dxc3
15. Rc1 Qg5 16. Nh3 Qg6 17. Rxc3 Rg8 18. Qf3 Be7 19. Rc7 Rb8 20. Nf4 Qg4 21.
Qe3 Bd8 22. Rfc1 Bxc7 23. Rxc7 Rc8 24. Rxb7 e5 25. Bxf7+ Kf8 26. Ne6+ 1-0

[Event "Gütersloher SV 1 - Oberhausener SV 1"]
[Site "NRW-Klasse, Gruppe 2 2012/201"]
[Date "2013.04.28"]
[Round "9.8"]
[White "Elefteriadis, Paul-Gabriel"]
[Black "Wieder, Heiner"]
[Result "0-1"]
[WhiteElo "1865"]
[BlackElo "2043"]
[PlyCount "60"]
[EventDate "2013.??.??"]
[WhiteTeam "Gütersloher SV 1"]
[BlackTeam "Oberhausener SV 1"]

1. d4 f5 2. g3 Nf6 3. Bg2 g6 4. Nf3 Bg7 5. O-O O-O 6. b3 Nc6 7. Bb2 Ne4 8. Qc1
d6 9. d5 Ne5 10. Nd4 c5 11. dxc6 bxc6 12. f3 Nf6 13. f4 Qb6 14. Kh1 Neg4 15. h3
Nh5 16. Qe1 Ne3 17. c3 Nxf1 18. Bxf1 e5 19. fxe5 dxe5 20. Nf3 e4 21. Ng1 Be5
22. Nd2 Nxg3+ 23. Kg2 Ba6 24. Ba3 Nxf1 25. Nxf1 Rf7 26. Rd1 Rd8 27. Rxd8+ Qxd8
28. Bb4 f4 29. Nd2 c5 30. Bxc5 Bxc3 0-1

[Event "SV Castrop-Rauxel 1 - Oberhausener SV 1"]
[Site "Stichkampf, NRW-Klasse 2012/2"]
[Date "2013.05.12"]
[Round "1.1"]
[White "Hort, Vlastimil"]
[Black "Van Eijk, Sander"]
[Result "1/2-1/2"]
[WhiteElo "2402"]
[BlackElo "2397"]
[PlyCount "53"]
[EventDate "2013.??.??"]
[WhiteTeam "Oberhausener SV 1"]
[BlackTeam "SV Castrop-Rauxel 1"]

1. e4 c5 2. Nf3 Nc6 3. Bb5 d6 4. O-O Bd7 5. Re1 Nf6 6. c3 a6 7. Bf1 Bg4 8. d3
Bxf3 9. Qxf3 g6 10. Na3 Bg7 11. Nc2 Nd7 12. Be3 O-O 13. g3 Rb8 14. Qg2 Qb6 15.
Rab1 Qa5 16. a3 Qa4 17. f4 Rbc8 18. Qf2 Nf6 19. b3 Qa5 20. Bh3 Rcd8 21. Bd2 Nd7
22. d4 cxd4 23. cxd4 Qh5 24. Bg2 e5 25. Bf3 Qh3 26. Bg2 Qh5 27. Bf3 1/2-1/2

[Event "SV Castrop-Rauxel 1 - Oberhausener SV 1"]
[Site "Stichkampf, NRW-Klasse 2012/2"]
[Date "2013.05.12"]
[Round "1.2"]
[White "Kartsev, Alexandr"]
[Black "Becker, Marcel"]
[Result "1-0"]
[WhiteElo "2222"]
[BlackElo "2348"]
[PlyCount "105"]
[EventDate "2013.??.??"]
[WhiteTeam "SV Castrop-Rauxel 1"]
[BlackTeam "Oberhausener SV 1"]

1. e4 c6 2. d4 d5 3. Nc3 dxe4 4. Nxe4 Bf5 5. Ng3 Bg6 6. h4 h6 7. Nf3 Nd7 8. h5
Bh7 9. Bd3 Bxd3 10. Qxd3 e6 11. Bd2 Qc7 12. O-O-O O-O-O 13. Kb1 Ngf6 14. c4 c5
15. Qe2 Bd6 16. Ne4 Nxe4 17. Qxe4 Nf6 18. Qe2 Rhe8 19. Bc3 a6 20. a3 cxd4 21.
Nxd4 Kb8 22. Nb3 Qc6 23. f3 Ka8 24. c5 Bc7 25. Bxf6 gxf6 26. Qe3 Qa4 27. Ka2
Bf4 28. Qc3 Be5 29. Qa5 Qxa5 30. Nxa5 Kb8 31. b4 Bc7 32. Nc4 f5 33. Kb3 Rg8 34.
Rxd8+ Rxd8 35. Re1 Rg8 36. Rg1 f4 37. Nb6 Rg5 38. Rd1 Rxg2 39. Rd7 Rg3 40. Rxf7
Rxf3+ 41. Kc4 Bxb6 42. cxb6 Kc8 43. Rc7+ Kb8 44. Re7 Kc8 45. Rc7+ Kb8 46. a4
Rh3 47. Rh7 Kc8 48. Rxh6 f3 49. Rf6 Rh4+ 50. Kc3 a5 51. bxa5 Rxh5 52. Rf8+ Kd7
53. a6 1-0

[Event "SV Castrop-Rauxel 1 - Oberhausener SV 1"]
[Site "Stichkampf, NRW-Klasse 2012/2"]
[Date "2013.05.12"]
[Round "1.3"]
[White "Kaufeld, Juergen"]
[Black "Kartsev, Soel"]
[Result "1/2-1/2"]
[WhiteElo "2312"]
[BlackElo "2200"]
[PlyCount "92"]
[EventDate "2013.??.??"]
[WhiteTeam "Oberhausener SV 1"]
[BlackTeam "SV Castrop-Rauxel 1"]

1. e4 c5 2. Nf3 d6 3. d4 cxd4 4. Nxd4 Nf6 5. Nc3 Nc6 6. Be2 e6 7. O-O Be7 8.
Kh1 O-O 9. f4 e5 10. Nb3 exf4 11. Bxf4 Be6 12. Nd4 Nxd4 13. Qxd4 Qb6 14. Qxb6
axb6 15. Rfd1 Rfd8 16. Bf3 Rac8 17. Rd2 b5 18. Nxb5 d5 19. e5 Ne4 20. Bxe4 dxe4
21. Nd6 Rc6 22. Rad1 g5 23. Be3 Ra8 24. a3 Ra5 25. Nxb7 Rxe5 26. Nd8 Ra6 27.
Nxe6 Raxe6 28. g4 f5 29. gxf5 Rxf5 30. Rd5 Rf3 31. Bxg5 e3 32. Bxe7 Rxe7 33.
Rg5+ Kf7 34. Kg1 Kf6 35. Rg2 Kf5 36. Rf1 Kf4 37. Rg3 Rxf1+ 38. Kxf1 Rd7 39. Rg8
Rd1+ 40. Ke2 Rd2+ 41. Ke1 Rxc2 42. Rf8+ Ke4 43. Re8+ Kf3 44. Rf8+ Ke4 45. Re8+
Kd3 46. Rd8+ Ke4 1/2-1/2

[Event "SV Castrop-Rauxel 1 - Oberhausener SV 1"]
[Site "Stichkampf, NRW-Klasse 2012/2"]
[Date "2013.05.12"]
[Round "1.4"]
[White "Sokalsky, Alexander"]
[Black "Litwak, Aleksej"]
[Result "1/2-1/2"]
[WhiteElo "2220"]
[BlackElo "2170"]
[PlyCount "46"]
[EventDate "2013.??.??"]
[WhiteTeam "SV Castrop-Rauxel 1"]
[BlackTeam "Oberhausener SV 1"]

1. Nf3 d5 2. g3 Nf6 3. Bg2 c5 4. O-O Nc6 5. d4 e6 6. c4 Be7 7. cxd5 exd5 8. Nc3
O-O 9. dxc5 Bxc5 10. Bg5 d4 11. Bxf6 Qxf6 12. Ne4 Qe7 13. Nxc5 Qxc5 14. Ne1 Re8
15. Nd3 Qb6 16. Qd2 Bf5 17. Rfc1 Be4 18. Bh3 Rad8 19. Nc5 Bd5 20. b3 Qc7 21.
Nd3 Be6 22. Bg2 Bd5 23. Bh3 Be6 1/2-1/2

[Event "SV Castrop-Rauxel 1 - Oberhausener SV 1"]
[Site "Stichkampf, NRW-Klasse 2012/2"]
[Date "2013.05.12"]
[Round "1.5"]
[White "Nissen, Claus"]
[Black "Boehnke, Martin"]
[Result "1-0"]
[WhiteElo "2138"]
[BlackElo "2115"]
[PlyCount "81"]
[EventDate "2013.??.??"]
[WhiteTeam "Oberhausener SV 1"]
[BlackTeam "SV Castrop-Rauxel 1"]

1. e4 c5 2. Nf3 d6 3. d3 Nc6 4. g3 Nf6 5. Bg2 g6 6. O-O Bg7 7. Nbd2 d5 8. Qe2
O-O 9. h3 b6 10. e5 Ne8 11. Re1 Nc7 12. Nf1 Rb8 13. N1h2 h6 14. Ng4 Kh7 15. b3
Ne6 16. Bb2 Qc7 17. c4 d4 18. Rad1 b5 19. Nh4 h5 20. Nh2 bxc4 21. dxc4 Nxe5 22.
Be4 Kg8 23. f4 Nd7 24. Nxg6 fxg6 25. Bd5 Nf6 26. Bxe6+ Bxe6 27. Qxe6+ Kh8 28.
Nf3 Rfe8 29. Qf7 Qc8 30. Kg2 Qf5 31. Re5 Qc2+ 32. Rd2 Qb1 33. Re1 Qxa2 34. Bxd4
Qxb3 35. Rb2 Qd3 36. Rxb8 Rxb8 37. Rxe7 Qc2+ 38. Bf2 Rg8 39. Nh4 a5 40. f5 Nh7
41. Nxg6# 1-0

[Event "SV Castrop-Rauxel 1 - Oberhausener SV 1"]
[Site "Stichkampf, NRW-Klasse 2012/2"]
[Date "2013.05.12"]
[Round "1.6"]
[White "Hille, Ralph Ingo"]
[Black "Ciornei, Dragos"]
[Result "1/2-1/2"]
[WhiteElo "2063"]
[BlackElo "2159"]
[PlyCount "100"]
[EventDate "2013.??.??"]
[WhiteTeam "SV Castrop-Rauxel 1"]
[BlackTeam "Oberhausener SV 1"]

1. Nf3 Nf6 2. c4 g6 3. Nc3 Bg7 4. g3 O-O 5. Bg2 d6 6. d4 Nbd7 7. O-O e5 8. dxe5
dxe5 9. h3 c6 10. Be3 Qe7 11. Qb3 Re8 12. Ng5 a5 13. Rad1 h6 14. Nge4 Nxe4 15.
Nxe4 a4 16. Qc2 f5 17. Nd6 Rd8 18. Nxc8 Rdxc8 19. Qd2 Rd8 20. Bxh6 Nb6 21. Qc1
Rxd1 22. Rxd1 Rd8 23. Rxd8+ Qxd8 24. c5 Nd7 25. Qc4+ Kh7 26. Bxg7 Kxg7 27. b4
axb3 28. axb3 Qe7 29. b4 e4 30. f3 exf3 31. Qd4+ Nf6 32. Bxf3 Kf7 33. Kg2 Qe6
34. g4 fxg4 35. hxg4 g5 36. Qd8 Qd7 37. Qxd7+ Nxd7 38. Kf2 Nb8 39. b5 Nd7 40.
bxc6 bxc6 41. Bxc6 Nxc5 42. Ke3 Ke6 43. Kd4 Nb3+ 44. Kc3 Nc5 45. Kc4 Kd6 46.
Be8 Ne4 47. Kd4 Nf6 48. Bh5 Ke6 49. e4 Nd7 50. Bg6 Ne5 1/2-1/2

[Event "SV Castrop-Rauxel 1 - Oberhausener SV 1"]
[Site "Stichkampf, NRW-Klasse 2012/2"]
[Date "2013.05.12"]
[Round "1.7"]
[White "Joergens, Markus"]
[Black "Mueller, Frank"]
[Result "1/2-1/2"]
[WhiteElo "2068"]
[BlackElo "1995"]
[PlyCount "126"]
[EventDate "2013.??.??"]
[WhiteTeam "Oberhausener SV 1"]
[BlackTeam "SV Castrop-Rauxel 1"]

1. d4 Nf6 2. c4 g6 3. Nc3 d5 4. Nf3 Bg7 5. e3 O-O 6. Qb3 e6 7. Bd2 b6 8. cxd5
exd5 9. Be2 Bb7 10. O-O Nbd7 11. Rfd1 c5 12. dxc5 Nxc5 13. Qa3 Re8 14. Be1 Qe7
15. Rac1 a5 16. Bb5 Red8 17. Na4 Qd6 18. Nxc5 bxc5 19. Qxc5 Ne4 20. Qxd6 Nxd6
21. Bc6 Bxc6 22. Rxc6 Bxb2 23. Rxd5 Ne4 24. Rxd8+ Rxd8 25. Kf1 Rd5 26. Rc4 f5
27. Ke2 Rb5 28. Kd1 Bf6 29. a4 Rb1+ 30. Rc1 Rb2 31. Rc2 Rb1+ 32. Ke2 Ra1 33.
Bxa5 Rxa4 34. Bd2 h5 35. Ne1 Nxd2 36. Kxd2 f4 37. Rc6 fxe3+ 38. fxe3 Kf7 39. h3
g5 40. Ke2 g4 41. hxg4 Rxg4 42. Rc7+ Kg6 43. Kf3 Bh4 44. Nd3 Rg3+ 45. Kf2 Rg4+
46. Kf1 Bg3 47. Rc5 Ra4 48. Ke2 h4 49. Kf3 Ra2 50. Rb5 Ra3 51. Nc5 Bh2 52. Rb3
Ra5 53. Ne4 Rf5+ 54. Kg4 Re5 55. Rb6+ Kg7 56. Nd6 Bg3 57. Nf5+ Kf7 58. Rb4 Kf6
59. e4 Bf2 60. Nxh4 Rg5+ 61. Kh3 Bxh4 62. Kxh4 Rxg2 63. Kh3 Rg8 1/2-1/2